Ngữ pháp tiếng Đức tóm lược = Grammatik Deutsch kurz and bundig
में बचाया:
| मुख्य लेखक: | |
|---|---|
| स्वरूप: | पुस्तक |
| भाषा: | Undetermined |
| प्रकाशित: |
Tp. HCM
2002
|
| विषय: | |
| टैग : |
टैग जोड़ें
कोई टैग नहीं, इस रिकॉर्ड को टैग करने वाले पहले व्यक्ति बनें!
|
| Thư viện lưu trữ: | Trung tâm Học liệu Trường Đại học Cần Thơ |
|---|
| LEADER | 00551nam a2200181Ia 4500 | ||
|---|---|---|---|
| 001 | CTU_54317 | ||
| 008 | 210402s9999 xx 000 0 und d | ||
| 020 | |b 44000 | ||
| 082 | |a 435 | ||
| 082 | |b V898 | ||
| 100 | |a Von Heike Voit | ||
| 245 | 0 | |a Ngữ pháp tiếng Đức tóm lược = Grammatik Deutsch kurz and bundig | |
| 245 | 0 | |c Von Heike Voit; Dương Đình Bá biên dịch | |
| 260 | |b Tp. HCM | ||
| 260 | |c 2002 | ||
| 650 | |a german language | ||
| 650 | |x grammar | ||
| 980 | |a Trung tâm Học liệu Trường Đại học Cần Thơ | ||